Women in the Holocaust. - New Haven, Conn. [u.a.] : Yale Univ. Press. - 1998 [Rezension]
| Titel: | Women in the Holocaust. - New Haven, Conn. [u.a.] : Yale Univ. Press. - 1998 [Rezension] |
|---|---|
| Verfasser: | |
| In: |
Slavic review, Band 58 (1999), Seite 207-209 alle Artikel anzeigen |
| Veröffentlicht: | 1999 |
| Format: | Aufsatz |
| Sprache: | Englisch |
X
alg: 39512519
001A $01999:12-11-16
001B $01999:04-08-21 $t21:05:38.000
001D $01999:12-11-16
001U $0utf8
001X $00
002@ $0Aox
003@ $0395125197
007A $0395125197 $aHEB
007T $0Herd32651
010@ $aeng
011@ $a1999
021A $aWomen in the Holocaust. - New Haven, Conn. {[u.a.] : Yale Univ. Press. - 1998 [Rezension]
028A $#Brenner, Rachel Feldhay $#ברנר, רחל פלדחי $#Feldhay Brenner, Rachel $#Brener, Raḥel Feldḥay $#Brenner, Rachel F. $712149473X $8Brenner, Rachel Feldhay$Z1946- [Tp1] $915286444X
031A $d58 $h207-209 $j1999
039B $aIn $8--Abvc--. Slavic review. - Cambridge : Cambridge University Press, 1961-. - ISSN 0037-6779 $x199900000580000793 $9047271809
039T $8--Aau--. Women in the Holocaust. - New Haven, Conn. {[u.a.] : Yale Univ. Press, 1998. - VII, 402 S.. - ISBN 0-300-07354-2 $9058815244
045F $a900.9437 $eDDC23BSB
045F/01 $a900
045F/03 $g437
045F/03 $g438
045T $a3,6 $a7,41
lok: 39512519 78
exp: 39512519 78 1 #EPN
201B/01 $018-11-16 $t13:49:14.000
201U/01 $0utf8
203@/01 $0791423840
208@/01 $a12-11-16 $be
209A/01 $a/ $f000 $x00
220C/01 $aTitelaufnehmer: nk;gm
244Z/01 $2Trx $#Kesk- ja Ida- Euroopa kontseptsioonid $#Vidurio Europos koncepcijos $#East-Central Europe $#Keletközépeurópa-eszmék $#Europa Środkowo-Wschodnia koncepcje $#Európa stredovýchodná koncepcie $#Evropa střední, východní část koncepce $#Mitteleuropa $#Osteuropakonzeptionen $#Europa Środkowa koncepcje $#Stredná Európa koncepcie $#Střední Europa koncepce $8--Trx--Ostmitteleuropakonzeptionen $x01 $9391364286
244Z/01 $2Trx $#Poola $#Lenkija $#Polija $#Polen Land $#Poland $#Lengyelország $#Poľsko $#Polsko $8--Trx--Polska$gkraj $x02 $9391345966
244Z/01 $2Trx $#arvustused $#recenzijos $#Reviews $#recenziók $#recenzje $#recenzie $#recenze $8--Trx--Rezensionen $x03 $9391357441
247C/01 $82080>Marburg/Lahn, Herder-Institut, Forschungsbibliothek, Bibliographieportal $9336309341
| LEADER | 00000caa a22000002c 4500 | ||
|---|---|---|---|
| 001 | 395125197 | ||
| 003 | DE-603 | ||
| 005 | 20210804210538.0 | ||
| 007 | tu | ||
| 008 | 161112s1999 xx |||| | u00||u|eng c | ||
| 035 | |a (DE-599)HEB395125197 | ||
| 040 | |a DE-603 |b ger |c DE-603 |d DE-603 | ||
| 041 | |a eng | ||
| 082 | 0 | 4 | |8 1\u |a 900.9437 |q DE-101 |2 23/BSB |
| 084 | |a 3,6 |a 7,41 |2 ssgn | ||
| 085 | |8 1\u |b 900 | ||
| 085 | |8 1\u |z 2 |s 437 | ||
| 085 | |8 1\u |z 2 |s 438 | ||
| 100 | 1 | |a Brenner, Rachel Feldhay |d 1946- |0 (DE-603)15286444X |0 (DE-588)12149473X |2 gnd | |
| 245 | 0 | 0 | |a Women in the Holocaust. - New Haven, Conn. [u.a.] : Yale Univ. Press. - 1998 [Rezension] |
| 264 | 0 | |c 1999 | |
| 773 | 0 | 8 | |i In |t Slavic review |d Cambridge : Cambridge University Press, 1961- |x 0037-6779 |g Band 58 (1999), Seite 207-209 |w (DE-603)047271809 |w (DE-600)203404-9 |
| 787 | 0 | 8 | |i Rezension von |t Women in the Holocaust |d New Haven, Conn. [u.a.] : Yale Univ. Press, 1998 |h VII, 402 S. |z 0300073542 |w (DE-603)058815244 |
| 924 | 0 | |9 2080 |a (DE-603)791423840 |b DE-2080 |c HES |d d |g / | |


